000 00424cam a2200181ua 4500
001 8907
008 150218n xxk |||gr||||Z||||||eng
040 _cMAIN
041 _aeng
082 _a822.33
100 _aShakespeare, W.,
_eAuthor.
245 _aTwo gentlemen of verona
_cBy Willaim Shakespeare
250 _a1st.
260 _aLondon:
_bPenguin,
_c1968.
300 _a107p.
653 _aEnglish drama
942 _cBK
999 _c8001
_d8001